| 000 | 00839cam a2200253 a 4500 | ||
|---|---|---|---|
| 001 | 16715041 | ||
| 003 | OSt | ||
| 005 | 20260421064542.0 | ||
| 008 | 110331s2010 enka b 001 0 eng | ||
| 010 | _a 2011280048 | ||
| 020 |
_a9781848138438 _qpbk. |
||
| 040 | _c. | ||
| 082 | _a320.954 MYE | ||
| 100 | 1 | _aMyers, Jason Conard. | |
| 245 | 1 | 4 |
_aThe politics of equality : _ban introduction / _cJason C. Myers. |
| 260 |
_aNew York : _bZed Books, _cc2010. |
||
| 300 |
_a159 p. : _bill. ; _c22 cm. |
||
| 365 | _bRs.1,302 | ||
| 505 | 0 | _aHistorical materialism -- Equal freedom -- Economy and society -- Democracy -- Internationalism -- The private state -- Conclusion. | |
| 650 | 0 | _aEquality. | |
| 650 | 0 | _aSocialism. | |
| 856 | 4 | 1 |
_3Table of contents _uhttp://www.loc.gov/catdir/enhancements/fy1113/2011280048-t.html |
| 942 |
_2ddc _cBK |
||
| 999 |
_c29648 _d29648 |
||